Sołectwa gminy Wisznice - Statystyki

Ogólne statystyki
  • Ten quiz został rozwiązany 3 razy
  • Średni wynik to 8 z 16
Statystyki odpowiedzi
# Populacja Sołectwo % Poprawnych
16 45 Dołholiska
100%
1 1 355 Wisznice
100%
9 161 Curyn
67%
8 189 Dubica Dolna
67%
4 345 Dubica Górna
67%
2 718 Horodyszcze
67%
14 70 Marylin
67%
12 132 Ratajewicze
67%
11 145 Rowiny
67%
3 350 Wygoda
67%
10 159 Łyniew
33%
13 127 Polubicze Dworskie
33%
5 294 Wisznice-Kolonia
33%
15 47 Małgorzacin
0%
7 280 Polubicze Wiejskie Drugie
0%
6 283 Polubicze Wiejskie Pierwsze
0%
Nie znaleziono quizów pasujących do podanych kryteriów
Rozkład punktacji
Procent ludzi z każdym wynikiem
Percentyl według liczby udzielonych odpowiedzi
Twoja historia wyników
Nie rozwiązałeś tego quizu